Scaling of examination marks / (Record no. 140881)

MARC details
000 -LEADER
fixed length control field 00589nam a22001937a 4500
005 - DATE AND TIME OF LATEST TRANSACTION
control field 20170609095052.0
010 ## - LCCN (DPL NO)
LC control number ENG-118569
020 ## - INTERNATIONAL STANDARD BOOK NUMBER
International Standard Book Number 9788186098714
Terms of availability 150.00
035 ## - SYSTEM CONTROL NUMBER
System control number EN-102101
037 ## - SOURCE OF ACQUISITION
Source of stock number/acquisition DBAD/PUB
082 ## - DEWEY DECIMAL CLASSIFICATION NUMBER
Classification number 371.26
100 ## - MAIN ENTRY--PERSONAL NAME
Personal name Pareek, Sarla
245 ## - TITLE STATEMENT
Title Scaling of examination marks /
Statement of responsibility, etc by Sarla Pareek
260 ## - PUBLICATION, DISTRIBUTION, ETC. (IMPRINT)
Place of publication, distribution, etc Jaipur
Name of publisher, distributor, etc Popular Book Depot
Date of publication, distribution, etc 2017
270 ## - ADDRESS
Address G-15,SS. Tower, Dhamini Street, Chaura Rasta
City Jaipur
Postal code 302003
300 ## - PHYSICAL DESCRIPTION
Extent 90p.
Dimensions 23cm(Hb)
500 ## - GENERAL NOTE
General note Includes bibliographical reference
942 ## - ADDED ENTRY ELEMENTS (KOHA)
Source of classification or shelving scheme Dewey Decimal Classification
Item type English Books
Call number suffix PAR
Classification part 371.26
Holdings
Withdrawn status Lost status Not for loan Collection code Home library Current library Date acquired Source of acquisition Cost, normal purchase price Full call number Barcode Copy number Koha item type
    Not For Loan Non-fiction D.B.Act.Division Bawana 08/06/2017 DBAD/PUB 150.00 371.26 PAR EN-102101 150.00 English Books

© Delhi Public Library
Hit Counter
free hit counter